00814nam a2200217 a 450000100100000000500170001000800410002702000150006804000250008304100380010808200150014624000380016124501790019926000320037830000210041049000300043153400480046170000270050970000300053683000300056600002556120200930023858.0110216s1977 sp r 000 | spa d a8474323169 aDO-SdBNPbspacBNPHU aspaheng2Código de idioma MARC axxxbC244d 0aDemocratic capitalism?lEspañol10a¿Qué es el capitalismo democratico? :besclarecedores ensayos para una definición de este polémico tema /ccompilación Fred E. Baumann; traducción Emilio Lloveras. aBarcelona :bGedisa,c1977. a207 p. ;c22 cm.1 aLa Sociedad en Cuestión aTítulo original :tDemocratic capitalism?1 aLloveras, Emilio,etr.1 aBaumann, Fred E. ,ecomp. 0aLa Sociedad en Cuestión